000 00775nam a22002177a 4500
003 UA-OsUOA
001 122841
007 ta
008 20170523b un ||||| |||| 00| 0 ukr d
100 _aКучеренко І.
090 _a81
_bК95
942 _cSA
040 _aUA-OsUOA
_bukr
_cUA-OsUOA
_dUA-OsUOA
245 _aОсобистісно орієнтована технологія навчання - пріоритетна концепція мовної освіти
300 _aС.8-15
955 _a0
041 _aukr
080 _a81
773 0 _w122839
_tУкраїнська мова і література в школі
_dК.
_d2017
_g2
650 7 _a8 Мовознавство. Художня література. Літературознавство
_2UDC
999 _c409469
_d409469